STN EN 933-8: 2012 (72 1186) [neplatná], Skúšky na stanovenie geometrických charakteristík kameniva Časť 8 Hodnotenie jemných zŕn. Ekvivalent piesku
Táto norma je slovenskou verziou európskej normy EN 933-8: 2012. Preklad zabezpečil Slovenský ústav technickej normalizácie. Má rovnaké postavenie ako majú oficiálne verzie
| Other Authors: | |
|---|---|
| Format: | Book |
| Language: | Slovak English |
| PhysicalDescription: | 20 s. obr., tab. 30 cm |
| Published: |
Bratislava
Slovenský ústav technickej normalizácie
2012
|
| Subjects: |
MARC
| LEADER | 00000nam a2200000 a 4500 | ||
|---|---|---|---|
| 001 | vtls010442769 | ||
| 003 | SK-MaSNL | ||
| 005 | 20260301181311.0 | ||
| 008 | 160624s xo a f u 000 0 slo | ||
| 015 | |a SNBN2013 | ||
| 020 | |c (cen. skup. 4) | ||
| 040 | |a SNK |b slo |c SNK |e AACR2 | ||
| 041 | 1 | |a slo |h eng | |
| 044 | |a xo |c SK | ||
| 046 | |a m |m 201208 (účin.) |n 201510 (zruš.) | ||
| 072 | 7 | |a 691 |x Stavebné hmoty |2 konspekt | |
| 080 | |a 691.322 |2 2001 | ||
| 080 | |a 006.7/.8 |2 2001 | ||
| 080 | |a (437.6) |2 2001 | ||
| 080 | |a (4) |2 2001 | ||
| 084 | |a 23.020.30 |2 ICS | ||
| 130 | 0 | |a STN 72 1186 (STN EN 933-8) [neplatná] |9 553668 | |
| 245 | 1 | 0 | |a STN EN 933-8: 2012 (72 1186) [neplatná], Skúšky na stanovenie geometrických charakteristík kameniva |n Časť 8 |p Hodnotenie jemných zŕn. Ekvivalent piesku |
| 246 | 1 | 0 | |a Skúšky na stanovenie geometrických charakteristík kameniva. Časť 8 |
| 246 | 1 | 0 | |a Hodnotenie jemných zŕn |
| 246 | 1 | 0 | |a Ekvivalent piesku |
| 246 | 3 | 0 | |a EN 933-8: 2012 E |
| 260 | |a Bratislava |b Slovenský ústav technickej normalizácie |c 2012 | ||
| 300 | |a 20 s. |b obr., tab. |c 30 cm | ||
| 500 | |a Súbežný názov v angličtine, francúzštine, nemčine | ||
| 500 | |a Táto norma nahrádza STN EN 933-8 z apríla 2002 v celom rozsahu | ||
| 500 | |a Spracovateľ: Karol Grünner | ||
| 500 | |a Norma je nahradená normou STN EN 933-8+A1 z októbra 2015 v celom rozsahu | ||
| 504 | |a Citované normy, súvisiace právne predpisy s. 2 | ||
| 520 | 8 | |a Táto norma je slovenskou verziou európskej normy EN 933-8: 2012. Preklad zabezpečil Slovenský ústav technickej normalizácie. Má rovnaké postavenie ako majú oficiálne verzie | |
| 540 | |a STN vydané na akomkoľvek nosiči sa môžu rozmnožovať a rozširovať iba so súhlasom určenej právnickej osoby |b SÚTN Bratislava |c zákon 264/1999 Z. z. | ||
| 650 | 0 | 7 | |a kamenivo |2 SNKPH |9 74285 |
| 650 | 0 | 7 | |a technické normy a štandardy |z Slovensko |2 SNKPH |9 79594 |
| 650 | 0 | 7 | |a technické normy a štandardy |z krajiny Európskej únie |2 SNKPH |9 289341 |
| 650 | 0 | 7 | |a betónové zmesi |2 SNKPH |9 84460 |
| 650 | 0 | 7 | |a Aggregates building materials |2 SNKPHeng |9 319732 |
| 650 | 0 | 7 | |a stavebné materiály |2 SNKPH |9 31817 |
| 655 | 7 | |a normy |2 SNKPH |9 70643 | |
| 700 | 1 | |a Grünner, Karol, |d 1942- |4 trl |9 212511 | |
| 710 | 2 | |a Slovenský ústav technickej normalizácie (Bratislava, Slovensko). |b Technická komisia č. 75 Kameň a kamenivo |4 stn |9 319733 | |
| 852 | |a Štátna vedecká knižnica v Banskej Bystrici | ||
| 958 | |a OP | ||
| 958 | |a NB | ||
| 999 | |c 849473 |d 851403 | ||
| 952 | |a SNK |b SNK |y PREZ |7 0 |p 17A1048375 |o snkSTN EN 933-8 |i snk2012/17034 |8 0 |0 0 |1 0 |4 0 |d 2012-09-06 |l 0 |r 2026-02-24 04:37:36 |w 2026-02-24 | ||
| 952 | |a SNK |b SNK |y PREZ |7 0 |p 17A1048376 |o snkSTN EN 933-8 D1 |i snk2012/17035 |8 0 |0 0 |1 0 |4 0 |d 2012-09-06 |l 0 |r 2026-02-24 04:37:36 |w 2026-02-24 | ||


